000 00708nam a2200241 a 4500
001 68080
003 BD-RjUL
005 20211209081729.0
008 730112r19601944nyua 001 0 eng
035 _a(BD-RjUL)68289
040 _aDLC
_cODaWU
_dOCoLC
_dUk
_dDLC
_dBD-RjUL
_beng
041 _aeng
082 _223
_a621.384
_bRAF 1960
100 1 _aRamo, Simon
_9201825
245 1 0 _aFields and waves in modern radio /
_cSimon Ramo and John R. Whinnery
250 _a2d ed.
260 _aNew York :
_bWiley,
_c1954 [reprinting 1960 ]
300 _a576 p. :
_bill. ;
_c24 cm.
500 _aIncludes index
650 0 _aRadio.
_9201826
700 1 _aWhinnery, John R.
_ejoint author.
_9201827
942 _2ddc
_cBK
999 _c68080
_d68080